Дело по указу Правительствующего Сената, о доставлении заключения по делу об учреждении опеки над имением дворянки Зубовой

Доступно только в Электронных читальных залах Найти на картеНа карте
RUSMARC
00004360nmc2a22000003x 450
001d948036e-b564-4646-8b67-107a1e011b10
00520180712141825.0
100##$a20160224l18431843k l0rusy0189 ca
1010#$arus
102##$aRU
2001#$aДело по указу Правительствующего Сената, о доставлении заключения по делу об учреждении опеки над имением дворянки Зубовой
$j13 февраля - 15 октября 1843 г.
251##$cДело
300##$aДело
300##$aОриг. заголовок дела: Дело по указу Правительствующего Сената, о доставлении заключения насчет учреждения опеки над имением дворянки Зубовой, вышедшей вторично замуж за крестьянина Барышникова, по первому мужу Ушаковой. 13 февраля 1843 г. - 15 октября 1843 г
801#0$aRU
$bРГИА
$c20160224
$gRCR
801#1$aRU
$bГлавНИВЦ
$c20160224
$2rusmarc
801#2$aRU
$bПБ им. Б.Н. Ельцина
$c20180712
$gRCR
$2rusmarc
850##$aРГИА
852##$aРГИА
$eФедеральное казенное учреждение "Российский государственный исторический архив" (РГИА)
$j453
937##$hРГИА
$d12197570
$aASBIBLIO_SCAN
462#0$1001e71f34c7-6ba6-4504-897e-253c950c25bd
$12001
$a1841-1843 гг. Дела Департамента полиции исполнительной МВД за 1843 г.
$1251
$cОпись
$1852
$j8
461#0$10013e300ed0-cd39-49af-8489-5ba5b90fa401
$12001
$aДепартамент полиции исполнительной МВД
$1251
$cФонд
$1852
$j1286
215##$a9 л.
$d36,5х26 см
371##$aДокумент не является опубликованным и широко распространяемым
5171#$aДело по указу Правительствующего Сената, о доставлении заключения насчет учреждения опеки над имением дворянки Зубовой, вышедшей вторично замуж за крестьянина Барышникова, по первому мужу Ушаковой. 13 февраля 1843 г. - 15 октября 1843 г
105##$ay###
1222#$ad
035##$ad948036e-b564-4646-8b67-107a1e011b10
856##$uhttp://readingroom.main.prlib.ru/item.aspx?id_node=n117248243&mode=full
Формат отображения